Физико-математическое моделирование и экспериментальное исследование нестационарного СВЧ разряда; Физико-технические проблемы в науке, промышленности и медицине. Российский и международный опыт подготовки кадров

Dades bibliogràfiques
Parent link:Физико-технические проблемы в науке, промышленности и медицине. Российский и международный опыт подготовки кадров.— 2020.— [С. 53]
Autor principal: Цхе А. А. Александр Алексеевич
Autor corporatiu: Национальный исследовательский Томский политехнический университет
Altres autors: Сосновский С. А., Луканин А. А.
Sumari:Заглавие с экрана
Idioma:rus
Publicat: 2020
Matèries:
Accés en línia:http://earchive.tpu.ru/handle/11683/63218
Format: MixedMaterials Electrònic Capítol de llibre
KOHA link:https://koha.lib.tpu.ru/cgi-bin/koha/opac-detail.pl?biblionumber=632109

MARC

LEADER 00000naa2a2200000 4500
001 632109
005 20231102024556.0
035 |a (RuTPU)RU\TPU\conf\33810 
035 |a RU\TPU\conf\33801 
090 |a 632109 
100 |a 20201009d2020 k y0rusy50 ca 
101 0 |a rus 
102 |a RU 
105 |a y z 101zy 
135 |a drgn ---uucaa 
181 0 |a i  
182 0 |a b 
200 1 |a Физико-математическое моделирование и экспериментальное исследование нестационарного СВЧ разряда  |f А. А. Цхе, С. А. Сосновский, А. А. Луканин 
203 |a Текст  |c электронный 
230 |a 1 компьютерный файл (pdf; 470 Kb) 
300 |a Заглавие с экрана 
338 |b Минобрнаука России  |d 0721-2020-0028 
463 0 |0 (RuTPU)RU\TPU\conf\33533  |t Физико-технические проблемы в науке, промышленности и медицине. Российский и международный опыт подготовки кадров  |o сборник научных трудов X Международной научно-практической конференции, г. Томск, 09 – 11 сентября 2020 г.  |f Национальный исследовательский Томский политехнический университет, Инженерная школа ядерных технологий ; Российский фонд фундаментальных исследований ; ред. кол. И. В. Шаманин, В. П. Кривобоков, А. Г. Горюнов, В. А. Карелин  |v [С. 53]  |d 2020 
610 1 |a труды учёных ТПУ 
610 1 |a электронный ресурс 
610 1 |a физико-математическое моделирование 
610 1 |a экспериментальные исследования 
610 1 |a СВЧ-разряды 
610 1 |a очистка 
610 1 |a сточные воды 
610 1 |a биологическая очистка 
610 1 |a электрохимическая очистка 
610 1 |a деструкция 
610 1 |a физико-химические процессы 
610 1 |a математические модели 
700 1 |a Цхе  |b А. А.  |c специалист в области технической физики  |c заместитель директора научно-технического центра Томского политехнического университета  |f 1959-  |g Александр Алексеевич  |2 stltpush  |3 (RuTPU)RU\TPU\pers\31143 
701 1 |a Сосновский  |b С. А. 
701 1 |a Луканин  |b А. А. 
712 0 2 |a Национальный исследовательский Томский политехнический университет  |c (2009- )  |2 stltpush  |3 (RuTPU)RU\TPU\col\15902  |9 26305 
801 2 |a RU  |b 63413507  |c 20201102  |g RCR 
856 4 |u http://earchive.tpu.ru/handle/11683/63218 
942 |c BK